000 00318nam a2200133 i 4500
001 bg
100 1 _aMICHALSKI, K.
245 0 _aInstalacje sanitarne z tworzyw sztucznych /
_cK. Michalski.
260 _aWarszawa,
_c1979.
040 _cBPK
041 _apol
942 _cKS
008 s pl f |000 0 pol
999 _c5839
_d5839
856 _uhttp://koha.tu.koszalin.pl/cgi-bin/koha/opac-detail.pl?biblionumber=5839
_yKatalog online BPK